| 000 | 00559cam a22001817a 4500 | ||
|---|---|---|---|
| 020 | _a9781444112122 (pbk.) | ||
| 050 | 0 | 0 |
_aQE601.2 _b.B46 2011 |
| 100 | 1 | _aBennison, George Mills. | |
| 245 | 1 | 3 |
_aAn introduction to geological structures and maps / _cGeorge M. Bennison, Paul A. Olver, Keith A. Moseley. |
| 250 | _a8th ed. | ||
| 260 |
_aLondon ; _bHodder Education, _cc2011. |
||
| 300 | _a168 p. : | ||
| 500 | _aIncludes index. | ||
| 650 | 0 | _xMaps. | |
| 650 | 0 | _bAn introduction to geological structures and maps | |
| 700 | 1 | _aMoseley, K. A. | |
| 942 | _cGEN | ||
| 999 |
_c2216 _d2216 |
||